Social Network Analysis - Community Detection and Evolution

This book is devoted to recent progress in social network analysis with a high focus on community detection and evolution. The eleven chapters cover the identification of cohesive groups, core components and key players either in static or dynamic networks of different kinds and levels of heterogene...

Full description

Bibliographic Details
Corporate Author: SpringerLink (Online service)
Other Authors: Missaoui, Rokia (Editor), Sarr, Idrissa (Editor)
Format: Electronic eBook
Language:English
Published: Cham : Springer International Publishing : Imprint: Springer, 2014.
Series:Lecture Notes in Social Networks,
Subjects:
Online Access:Full Text via HEAL-Link
LEADER 03499nam a22005295i 4500
001 978-3-319-12188-8
003 DE-He213
005 20151030081309.0
007 cr nn 008mamaa
008 150113s2014 gw | s |||| 0|eng d
020 |a 9783319121888  |9 978-3-319-12188-8 
024 7 |a 10.1007/978-3-319-12188-8  |2 doi 
040 |d GrThAP 
050 4 |a QA76.9.D343 
072 7 |a UNF  |2 bicssc 
072 7 |a UYQE  |2 bicssc 
072 7 |a COM021030  |2 bisacsh 
082 0 4 |a 006.312  |2 23 
245 1 0 |a Social Network Analysis - Community Detection and Evolution  |h [electronic resource] /  |c edited by Rokia Missaoui, Idrissa Sarr. 
264 1 |a Cham :  |b Springer International Publishing :  |b Imprint: Springer,  |c 2014. 
300 |a XVIII, 272 p. 108 illus., 102 illus. in color.  |b online resource. 
336 |a text  |b txt  |2 rdacontent 
337 |a computer  |b c  |2 rdamedia 
338 |a online resource  |b cr  |2 rdacarrier 
347 |a text file  |b PDF  |2 rda 
490 1 |a Lecture Notes in Social Networks,  |x 2190-5428 
505 0 |a The Emergence of Communities and their Leaders on Twitter Following an Extreme Event -- Hierarchical and Matrix Structures in a Large Organizational Email Network: Visualization and Modeling Approaches -- Networks of Different Perspectives for Inter-network Community Evolution -- Study of Influential Trends, Communities, and Websites on the Post-Election Events of Iranian Presidential Election in Twitter -- Entanglement in Multiplex Networks: Understanding Group Cohesion in Homophily Networks -- An Elite Grouping of Individuals for Expressing a Core Identity Based on the Temporal Dynamicity or the Semantic -- The Power of Consensus: Random Graphs Still Have No Communities -- Link Prediction in Heterogeneous Collaboration -- Characterization of User Online Dating Behavior and Preference on a Large Online Dating -- Latent Tunnel Based Information Propagation in Microblog Networks -- Maximization with Network Abstractions. 
520 |a This book is devoted to recent progress in social network analysis with a high focus on community detection and evolution. The eleven chapters cover the identification of cohesive groups, core components and key players either in static or dynamic networks of different kinds and levels of heterogeneity. Other important topics in social network analysis such as influential detection and maximization, information propagation, user behavior analysis, as well as network modeling and visualization are also presented. Many studies are validated through real social networks such as Twitter. This edited work will appeal to researchers, practitioners and students interested in the latest developments of social network analysis. 
650 0 |a Computer science. 
650 0 |a Data mining. 
650 0 |a Mathematics. 
650 0 |a Social sciences. 
650 0 |a Physics. 
650 1 4 |a Computer Science. 
650 2 4 |a Data Mining and Knowledge Discovery. 
650 2 4 |a Methodology of the Social Sciences. 
650 2 4 |a Mathematics in the Humanities and Social Sciences. 
650 2 4 |a Complex Networks. 
700 1 |a Missaoui, Rokia.  |e editor. 
700 1 |a Sarr, Idrissa.  |e editor. 
710 2 |a SpringerLink (Online service) 
773 0 |t Springer eBooks 
776 0 8 |i Printed edition:  |z 9783319121871 
830 0 |a Lecture Notes in Social Networks,  |x 2190-5428 
856 4 0 |u http://dx.doi.org/10.1007/978-3-319-12188-8  |z Full Text via HEAL-Link 
912 |a ZDB-2-SCS 
950 |a Computer Science (Springer-11645)